00613nam a22002052a 450000100060000000300080000600500170001400800410003103500190007204000420009104100080013308200220014110000360016324500360019926000420023530000250027750400620030260000310036465000120039520865BD-RjUL20211209000624.0140302s1950 enk b 000 0 eng d a(BD-RjUL)20927 aDLCcFQGdOCLdUKMdEQOdBD-RjULbeng aeng a839.8226218bDOS1 aDowns, Brian Westerdale,d1893-02aA study of six plays by Ibsen / aCambridge :bUniversity press,c1950. axii, 212 p. ;c22 cm a"Select bibliography: p. 206-208. Bibliographic footnotes10aIbsen, Henrik,d1828-1906. aFiction